000 00522nam a2200169 a 4500
005 20140412111233.0
008 010530s19uu xx 00 eng d
020 _a1-57064-016-5
050 _aER
_bBa26 1994
100 _aDudko, Mary Ann
245 _aBarney: book of opposites /
_cby Mary Ann Dudko, Ph. D. & Margie Larsen, M. Ed.; photographer Dennis Full.
260 _aDrvie Allen, Texas :
_bThe Lyons Group,
_c1994.
300 _a1v. (unp.) ; ill.
440 _aBarney's
650 _aOpposties
999 _c102300
_d102300